Normal view
MARC view
Entry Topical Term
001 - CONTROL NUMBER
- control field: 308412
003 - CONTROL NUMBER IDENTIFIER
- control field: DLC
005 - DATE AND TIME OF LATEST TRANSACTION
- control field: 20250310100107.0
008 - FIXED-LENGTH DATA ELEMENTS
- fixed length control field: 000303i| anannbabn |a ana c
010 ## - LIBRARY OF CONGRESS CONTROL NUMBER
- LC control number: sh 00001980
040 ## - CATALOGING SOURCE
- Original cataloging agency: UkCU
- Language of cataloging: eng
- Transcribing agency: DLC
150 ## - HEADING--TOPICAL TERM
- Topical term or geographic name entry element: Muslim travelers
550 ## - SEE ALSO FROM TRACING--TOPICAL TERM
- Control subfield: g
- Topical term or geographic name entry element: Travelers
670 ## - SOURCE DATA FOUND
- Source citation: Work cat.: Hasan, Z.M. al-Raḥḥālah al-Muslimūn fī alʼ-uṣūr al-wuṣṭá, 1945.